Talking Heads Songs - Statistics

General Stats
  • This quiz has been taken 53 times
  • The average score is 31 of 78
Answer Stats
Group 1 % Correct
G1 Psycho Killer
95%
G5 Burning Down the House
92%
G4 Once in a Lifetime
92%
G3 Life During Wartime
85%
G2 Take Me to the River
82%
G3 I Zimbra
79%
G5 This Must Be the Place (Naive Melody)
79%
G4 Crosseyed and Painless
74%
G5 Girlfriend Is Better
74%
G4 Born Under Punches (The Heat Goes On)
72%
G3 Cities
69%
G6 And She Was
67%
G3 Drugs
67%
G3 Air
64%
G3 Heaven
62%
G6 Road to Nowhere
62%
G5 Swamp
62%
G4 The Great Curve
59%
G1 Don't Worry About the Government
56%
G4 Houses in Motion
56%
G8 (Nothing But) Flowers
54%
G7 Wild Wild Life
54%
G3 Animals
51%
G3 Electric Guitar
51%
G4 Listening Wind
51%
G3 Paper
51%
G1 Pulled Up
51%
G7 Radio Head
51%
G1 Uh-Oh, Love Comes to Town
51%
G4 Seen and Not Seen
49%
G3 Mind
46%
G2 Found a Job
44%
G5 Making Flippy Floppy
44%
G3 Memories Can't Wait
44%
G5 Moon Rocks
44%
G5 Slippery People
44%
G8 Blind
41%
G2 The Big Country
41%
G4 The Overload
38%
G2 I'm Not in Love
36%
G2 Thank You for Sending Me an Angel
36%
G2 Artists Only
33%
G1 The Book I Read
33%
G6 Stay Up Late
31%
G2 The Girls Want to Be With the Girls
31%
G7 Dream Operator
28%
G5 Pull Up the Roots
28%
G5 I Get Wild / Wild Gravity
26%
G8 Mr. Jones
26%
G1 First Week / Last Week... Carefree
23%
G7 Hey Now
23%
G7 Papa Legba
23%
G7 People Like Us
23%
G1 Who Is It?
23%
G1 Happy Day
21%
G1 No Compassion
21%
G2 The Good Thing
21%
G7 City of Dreams
18%
G7 Love for Sale
18%
G8 Totally Nude
18%
G2 With Our Love
18%
G8 Cool Water
15%
G7 Puzzlin' Evidence
15%
G2 Stay Hungry
15%
G6 Television Man
15%
G1 Tentative Decisions
15%
G2 Warning Sign
13%
G6 Creatures of Love
10%
G8 Mommy Daddy You and I
10%
G1 New Feelings
10%
G8 Ruby Dear
10%
G8 The Democratic Circus
10%
G6 The Lady Don't Mind
10%
G8 Big Daddy
8%
G6 Give Me Back My Name
8%
G6 Perfect World
8%
G8 The Facts of Life
8%
G6 Walk It Down
8%
No matching quizzes found
Score Distribution
Percent of People with Each Score
Percentile by Number Answered
Your Score History
You have not taken this quiz